01571cam a22003134a 450000100060000000300080000600500170001400800450003103500190007604000230009504100130011808200200013110000930015124501870024424600150043124600340044625000330048026000560051330000210056965000750059065000440066570000460070970000410075594200120079699900170080895201440082595201440096995201440111333046BD-RjUL20211209051933.0140429s19591890 ii 000 0 eng  a(BD-RjUL)33136 aDLCcDLCdDLCbeng1 aenghara a297.3bRUA 19591 aSajāwandī, Sirāj al-Dīn Muḥammad ibn Muḥammad,dactive 12th century.910039413aAl Sirajiyyah, or, the Mahommedan law of inheritance /creprinted from the translation of Sir William Jones, published at Calcutta in 1792; with notes and appendix by Almaric Rumsey.30aSirajiyyah30aMahommedan law of inheritance a3rd ed. rev. with additions. aCalcutta :bThacker, Spink,c1890 [Impression 1959] a112 p. ;c20 cm. 0aInheritance and succession (Islamic law)vEarly works to 1800.9100395 0aHanafitesvEarly works to 1800.91003961 aJones, William,cSir,d1746-1794.91004211 aRumsey, Almaric,d1825-1899.9100398 2ddccBK c33046d33046 00102ddc40708NFICaRUCLbRUCLcStackd1968-02-29eWarri book centre.g2.00l0o297.3 RUA 1959r2014-04-29 00:00:00tC-3w2014-04-29yBK 00102ddc40708NFICaRUCLbRUCLcStackd1968-02-29eWarri book centre.g2.00l0o297.3 RUA 1959r2014-04-29 00:00:00tC-5w2014-04-29yBK 00102ddc40708NFICaRUCLbRUCLcStackd1938-02-28eWarri book centre.g2.00l0o297.3 RUA 1959r2014-04-29 00:00:00tC-4w2014-04-29yBK